000 00645nam a2200241 i 4500
001 C2-0168505
003 PPAK
005 20180728091004.0
008 980719s1990 nyu |||| ||||| | eng d
020 _a0553057421
040 _aPPAK
_beng
_cPPAK
_erda
082 0 4 _a823
_2 23
090 0 0 _a823
_bDEL
_dR
100 1 _aDel Vecchio, John M.,
_d1948-
_eauthor
245 1 0 _aFor the sake of all living things
264 1 _aNew York :
_bBantam Books ,
_c1990
300 _a790 pages ;
_c25 cm
336 _2rdacontent
_atext
337 _2rdamedia
_aunmediated
338 _2rdacarrier
_avolume
650 1 0 _aLiving things
942 _ddc
_cB
999 _c152652
_d152652